[Event "Remote S7E Basic-76 email"]
[Site "Remote email"]
[Date "2014.07.31"]
[Round "?"]
[White "Roos, Bernhard"]
[Black "Hahner, Anton"]
[Result "1-0"]
[WhiteElo "2020"]
[BlackElo "2074"]
[PlyCount "47"]
[EventDate "2014.??.??"]
[EventType "tourn (corr)"]
[EventRounds "6"]
[EventCountry "GER"]
[SourceTitle "Corr 2015"]
[Source "ChessBase"]
[SourceDate "2015.07.17"]
[SourceVersion "1"]
[SourceVersionDate "2015.07.17"]
[SourceQuality "1"]

1. e4 e5 2. Nf3 Nc6 3. Bb5 a6 4. Ba4 Nf6 5. d3 d6 6. c3 Be7 7. 0-0 0-0 8. Re1 b5 9. Bc2 h6 10. Nbd2 Re8 11. Nf1 d5 12. exd5 Qxd5 13. Bb3 Qd6 14. Ng3 Be6 15. Bc2 Rad8 16. Nh4 Bf8 17. Ngf5 Qd7 18. Qf3 Nd5 19. Bb3 g5 20. Bxd5 Qxd5 21. Qg4 f6 22. Qh5 Bf7 23. Ng6 Kh7 24. Nxf8+ 1-0

[Event "Remote S7E Pioneer-63 email"]
[Site "Remote email"]
[Date "2014.06.04"]
[Round "?"]
[White "Hahner, Anton"]
[Black "Buchmann, Hans Peter"]
[Result "1-0"]
[WhiteElo "2074"]
[BlackElo "2118"]
[PlyCount "43"]
[EventDate "2014.??.??"]
[EventType "tourn (corr)"]
[EventRounds "6"]
[EventCountry "GER"]
[SourceTitle "Corr 2015"]
[Source "ChessBase"]
[SourceDate "2015.07.17"]
[SourceVersion "1"]
[SourceVersionDate "2015.07.17"]
[SourceQuality "1"]

1. d4 c5 2. d5 d6 3. c4 Nf6 4. Nc3 Qa5 5. Bd2 Na6 6. Nf3 g6 7. e4 Qb6 8. h3 Bg7 9. Be2 Nh5 10. 0-0 0-0 11. Re1 e5 12. dxe6 fxe6 13. Rb1 Bd7 14. Bg5 Rf7 15. Be3 Nf4 16. Ng5 Nxe2+ 17. Rxe2 Re7 18. Rd2 Bc6 19. Rxd6 Be5 20. Rxe6 Rxe6 21. Nxe6 Qa5 22. Bh6 1-0

[Event "Remote S7E Basic-75 email"]
[Site "Remote email"]
[Date "2014.04.11"]
[Round "?"]
[White "Grimm, Wolfgang"]
[Black "Hahner, Anton"]
[Result "1-0"]
[WhiteElo "1903"]
[BlackElo "2123"]
[PlyCount "43"]
[EventDate "2014.??.??"]
[EventType "tourn (corr)"]
[EventRounds "6"]
[EventCountry "GER"]
[SourceTitle "Corr 2015"]
[Source "ChessBase"]
[SourceDate "2015.07.17"]
[SourceVersion "1"]
[SourceVersionDate "2015.07.17"]
[SourceQuality "1"]

1. g3 e5 2. Nc3 d5 3. d4 exd4 4. Qxd4 Nf6 5. Bg5 Be7 6. 0-0-0 Be6 7. Bg2 Nbd7 8. Kb1 c5 9. Qd3 d4 10. Na4 Ng4 11. Bxe7 Qxe7 12. Nh3 Rd8 13. Qb5 b6 14. Qa6 Nde5 15. e3 dxe3 16. Rxd8+ Qxd8 17. fxe3 Nxe3 18. Nf4 Bf5 19. Qe2 Bxc2+ 20. Kc1 Nd3+ 21. Nxd3 0-0 22. Qxe3 1-0

[Event "Remote S7E Basic-74 email"]
[Site "Remote email"]
[Date "2014.02.20"]
[Round "?"]
[White "Mueller, Christoph"]
[Black "Hahner, Anton"]
[Result "0-1"]
[WhiteElo "1775"]
[BlackElo "2123"]
[PlyCount "40"]
[EventDate "2014.??.??"]
[EventType "tourn (corr)"]
[EventRounds "6"]
[EventCountry "GER"]
[SourceTitle "Corr 2015"]
[Source "ChessBase"]
[SourceDate "2015.07.17"]
[SourceVersion "1"]
[SourceVersionDate "2015.07.17"]
[SourceQuality "1"]

1. d4 Nf6 2. c4 e6 3. Nc3 Bb4 4. e3 0-0 5. Bd3 b6 6. Nge2 d5 7. 0-0 dxc4 8. Bxc4 c5 9. a3 Bxc3 10. Nxc3 cxd4 11. exd4 Bb7 12. Bf4 Nc6 13. Be5 Rc8 14. Ba2 Nxe5 15. dxe5 Ne4 16. Nxe4 Bxe4 17. Bb3 Qg5 18. f3 Rfd8 19. Qe1 Rd2 20. Rf2 Rxf2 0-1

[Event "Remote S7E Basic-73 email"]
[Site "Remote email"]
[Date "2014.01.14"]
[Round "?"]
[White "Gottwald, Bernhard"]
[Black "Hahner, Anton"]
[Result "0-1"]
[WhiteElo "1848"]
[BlackElo "2110"]
[PlyCount "26"]
[EventDate "2014.??.??"]
[EventType "tourn (corr)"]
[EventRounds "6"]
[EventCountry "GER"]
[SourceTitle "Corr 2015"]
[Source "ChessBase"]
[SourceDate "2015.07.17"]
[SourceVersion "1"]
[SourceVersionDate "2015.07.17"]
[SourceQuality "1"]

1. d4 Nf6 2. Nf3 d5 3. e3 e6 4. c4 c5 5. cxd5 exd5 6. dxc5 Bxc5 7. Nc3 0-0 8. Bd3 Qe7 9. 0-0 Nc6 10. a3 Bg4 11. b4 Bd6 12. h3 Bxf3 13. Qxf3 Qe5 0-1

[Event "Remote S7E Basic-72 email"]
[Site "Remote email"]
[Date "2013.12.14"]
[Round "?"]
[White "Hahner, Anton"]
[Black "Schulz, Peter"]
[Result "1-0"]
[WhiteElo "2110"]
[BlackElo "1914"]
[PlyCount "57"]
[EventDate "2013.??.??"]
[EventType "tourn (corr)"]
[EventRounds "6"]
[EventCountry "GER"]
[SourceTitle "Corr 2015"]
[Source "ChessBase"]
[SourceDate "2015.07.17"]
[SourceVersion "1"]
[SourceVersionDate "2015.07.17"]
[SourceQuality "1"]

1. d4 f5 2. g3 Nf6 3. Bg2 g6 4. Nf3 Bg7 5. 0-0 d6 6. c4 0-0 7. Qb3 Kh8 8. Nc3 c6 9. Be3 Qc7 10. Rac1 Re8 11. d5 e5 12. h3 e4 13. Nd4 Na6 14. Qc2 Nc5 15. a3 a6 16. Rfd1 Bd7 17. b4 cxd5 18. bxc5 dxc5 19. Nxd5 Nxd5 20. cxd5 b5 21. d6 Qd8 22. Qxc5 Rc8 23. Qd5 Re5 24. Qf7 Rec5 25. Ne6 Bxe6 26. Qxe6 Rxc1 27. Rxc1 Rxc1+ 28. Bxc1 Qf6 29. Qe8+ 1-0

[Event "Remote S7E Basic-72 email"]
[Site "Remote email"]
[Date "2013.12.14"]
[Round "?"]
[White "Plankert, Hans"]
[Black "Hahner, Anton"]
[Result "0-1"]
[WhiteElo "2133"]
[BlackElo "1988"]
[PlyCount "48"]
[EventDate "2013.??.??"]
[EventType "tourn (corr)"]
[EventRounds "6"]
[EventCountry "GER"]
[SourceTitle "Corr 2015"]
[Source "ChessBase"]
[SourceDate "2015.07.17"]
[SourceVersion "1"]
[SourceVersionDate "2015.07.17"]
[SourceQuality "1"]

1. e4 e6 2. d4 d5 3. Nd2 c5 4. exd5 exd5 5. Ngf3 Nf6 6. Bb5+ Bd7 7. Bxd7+ Nbxd7 8. 0-0 Be7 9. dxc5 Nxc5 10. Nd4 0-0 11. Nf5 Re8 12. Nb3 Bf8 13. Be3 Qc7 14. Bd4 Ncd7 15. c3 Re6 16. Nc1 g6 17. Ne3 Bd6 18. g3 Be5 19. Nd3 Rae8 20. Nxe5 Nxe5 21. Rc1 Qc6 22. b3 Qd6 23. Rc2 b6 24. Qf3 Nxf3+ 0-1

[Event "Remote S7E Starter-51 email"]
[Site "Remote email"]
[Date "2013.12.07"]
[Round "?"]
[White "Hahner, Anton"]
[Black "Galje, Hans"]
[Result "1-0"]
[WhiteElo "2074"]
[BlackElo "2356"]
[PlyCount "135"]
[EventDate "2013.??.??"]
[EventType "tourn (corr)"]
[EventRounds "6"]
[EventCountry "GER"]
[SourceTitle "Corr 2015"]
[Source "ChessBase"]
[SourceDate "2015.07.17"]
[SourceVersion "1"]
[SourceVersionDate "2015.07.17"]
[SourceQuality "1"]

1. d4 Nf6 2. c4 e6 3. Nf3 c5 4. d5 d6 5. Nc3 exd5 6. cxd5 g6 7. Bf4 a6 8. a4 Bg7 9. h3 0-0 10. e3 Ne8 11. Be2 Nd7 12. 0-0 Qe7 13. Nd2 Ne5 14. a5 f5 15. Qc2 Nc7 16. Qb3 Rb8 17. Na4 Kh8 18. Nb6 Bd7 19. Nxd7 Qxd7 20. Bh2 Qf7 21. Rfd1 Rfd8 22. Rac1 g5 23. Qa4 Nxd5 24. Nc4 Qe6 25. Nxe5 dxe5 26. Bc4 b5 27. axb6 Nxb6 28. Rxd8+ Rxd8 29. Bxe6 Nxa4 30. b3 Nc3 31. Kf1 e4 32. Bxf5 a5 33. g4 Bf6 34. Rc2 h6 35. Kg2 Rd3 36. Bc7 Nb5 37. Bxa5 Rxb3 38. Bxe4 Be7 39. Bd5 Rb1 40. Bc4 Kg7 41. Ra2 Nd6 42. Bd5 Nb5 43. Kf3 Bf6 44. Rc2 Be7 45. Bd2 Bd6 46. Ke4 Kf6 47. Ra2 Bb8 48. Kd3 Nc7 49. Be4 Ne6 50. Ra6 Ke7 51. Bf5 Bd6 52. Ra7+ Nc7 53. Ba5 Kd8 54. Ra8+ Ke7 55. Rh8 Nd5 56. Rxh6 Bc7 57. Rh7+ Kd6 58. Bxc7+ Nxc7 59. Rd7+ Kc6 60. Rg7 Rb2 61. Rxg5 Rxf2 62. h4 Rh2 63. Rg6+ Kb5 64. Bd7+ Kb4 65. Rb6+ Ka5 66. Rb7 Nd5 67. Rb5+ Ka6 68. Rxc5 1-0

[Event "Remote S7E Basic-71 email"]
[Site "Remote email"]
[Date "2013.11.10"]
[Round "?"]
[White "Biskopp, Wolf Ulrich"]
[Black "Hahner, Anton"]
[Result "1-0"]
[WhiteElo "2309"]
[BlackElo "2110"]
[PlyCount "55"]
[EventDate "2013.??.??"]
[EventType "tourn (corr)"]
[EventRounds "6"]
[EventCountry "GER"]
[SourceTitle "Corr 2015"]
[Source "ChessBase"]
[SourceDate "2015.07.17"]
[SourceVersion "1"]
[SourceVersionDate "2015.07.17"]
[SourceQuality "1"]

1. d4 Nf6 2. c4 e6 3. Nf3 b6 4. g3 Bb7 5. Bg2 Be7 6. 0-0 0-0 7. Nc3 Ne4 8. Bd2 d6 9. d5 Nxd2 10. Nxd2 e5 11. b4 Nd7 12. a4 Rc8 13. a5 a6 14. Qc2 Rb8 15. b5 Nc5 16. Rfb1 axb5 17. axb6 bxc4 18. Nxc4 Ba6 19. Rxa6 Nxa6 20. b7 f5 21. Bh3 g6 22. e4 Qd7 23. exf5 gxf5 24. Na5 Nc5 25. Ne4 Qa4 26. Qxa4 Nxa4 27. Bxf5 Nb6 28. Nc6 1-0

[Event "Remote S7E Schnell-95 email"]
[Site "Remote email"]
[Date "2013.07.19"]
[Round "?"]
[White "Schmitt, Harald"]
[Black "Hahner, Anton"]
[Result "1-0"]
[WhiteElo "2047"]
[BlackElo "2153"]
[PlyCount "61"]
[EventDate "2013.??.??"]
[EventType "tourn (corr)"]
[EventRounds "6"]
[EventCountry "GER"]
[SourceTitle "Corr 2015"]
[Source "ChessBase"]
[SourceDate "2015.07.17"]
[SourceVersion "1"]
[SourceVersionDate "2015.07.17"]
[SourceQuality "1"]

1. d4 Nf6 2. Nf3 e6 3. e3 d5 4. Bd3 b6 5. 0-0 Nbd7 6. c4 dxc4 7. Bxc4 Bb7 8. Nc3 Be7 9. Qc2 c5 10. Be2 Rc8 11. Qb1 0-0 12. Rd1 Qc7 13. h3 Rfd8 14. e4 cxd4 15. Nxd4 Nc5 16. Bf3 Qe5 17. Be3 Nfxe4 18. Nce2 Bg5 19. Bxg5 Qxg5 20. Qc1 e5 21. Qxg5 Nxg5 22. Bxb7 Nxb7 23. Nf5 Rc2 24. Rxd8+ Nxd8 25. Rd1 Nge6 26. Nc3 Rxb2 27. Ne7+ Kf8 28. Ned5 Nc6 29. a4 Rc2 30. Kf1 Nc5 31. Rb1 1-0